[Event "Abe Yanofsky mem. U1800"]
[Site "Winnipeg CAN"]
[Date "2012.07.28"]
[Round "2"]
[White "Einarsson, Ken"]
[Black "Green, Jim"]
[Result "1-0"]
[WhiteElo "1746"]
[BlackElo "1769"]
[PlyCount "67"]
[GameId "2160767909441855"]
[EventDate "2012.07.27"]
[EventType "swiss"]
[EventRounds "5"]
[EventCountry "CAN"]
[SourceTitle "EXT 2022"]
[Source "ChessBase"]
[SourceDate "2021.10.06"]
[SourceVersion "1"]
[SourceVersionDate "2021.10.06"]
[SourceQuality "1"]

1. d4 d5 2. c4 c6 3. Nc3 Nf6 4. Bg5 a6 5. Nf3 h6 6. Bh4 g5 7. Bg3 Bg7 8. Ne5 Nbd7 9. e3 O-O 10. Be2 e6 11. O-O b5 12. Nxc6 Qb6 13. cxb5 axb5 14. Bxb5 Re8 15. Ne5 Rd8 16. f4 Nxe5 17. fxe5 Ne4 18. Nxe4 dxe4 19. a4 Ba6 20. Bxa6 Rxa6 21. b3 Rb8 22. Rb1 Ra7 23. h4 Qd8 24. Qg4 Rab7 25. Qh5 Qe7 26. hxg5 hxg5 27. Qd1 Qa3 28. Qc2 Rxb3 29. Rxb3 Rxb3 30. Qc7 Qf8 31. Bf2 Ra3 32. a5 Qb4 33. Bg3 Qf8 34. Rb1 1-0

[Event "Abe Yanofsky mem. U1800"]
[Site "Winnipeg CAN"]
[Date "2012.07.28"]
[Round "2"]
[White "Enns, Edward"]
[Black "Leaden, Bruce"]
[Result "0-1"]
[WhiteElo "1136"]
[BlackElo "1544"]
[PlyCount "58"]
[GameId "2160767909441856"]
[EventDate "2012.07.27"]
[EventType "swiss"]
[EventRounds "5"]
[EventCountry "CAN"]
[SourceTitle "EXT 2022"]
[Source "ChessBase"]
[SourceDate "2021.10.06"]
[SourceVersion "1"]
[SourceVersionDate "2021.10.06"]
[SourceQuality "1"]

1. Nf3 c5 2. c4 g6 3. Nc3 Bg7 4. e3 Nc6 5. d4 cxd4 6. exd4 e6 7. Bg5 Nge7 8. d5 f6 9. dxc6 fxg5 10. cxd7+ Bxd7 11. Nxg5 O-O 12. Qb3 Nc6 13. Rd1 Nd4 14. Nxe6 Bxe6 15. Qa4 Qf6 16. Ne4 Qe7 17. c5 Rad8 18. Bc4 Kh8 19. O-O Bxc4 20. Qxc4 Qxe4 21. Kh1 Qd5 22. Qb4 Qc6 23. Rd2 Ne6 24. Rd6 Rxd6 25. cxd6 Rd8 26. Rd1 Rd7 27. f4 Bf8 28. Qc3+ Qxc3 29. bxc3 Rxd6 0-1

[Event "Abe Yanofsky mem. U1800"]
[Site "Winnipeg CAN"]
[Date "2012.07.28"]
[Round "2"]
[White "Gannon, Keith"]
[Black "Reimer, Bruce"]
[Result "1-0"]
[WhiteElo "1603"]
[BlackElo "1446"]
[PlyCount "61"]
[GameId "2160767909441857"]
[EventDate "2012.07.27"]
[EventType "swiss"]
[EventRounds "5"]
[EventCountry "CAN"]
[SourceTitle "EXT 2022"]
[Source "ChessBase"]
[SourceDate "2021.10.06"]
[SourceVersion "1"]
[SourceVersionDate "2021.10.06"]
[SourceQuality "1"]

1. e4 Nf6 2. e5 Nd5 3. d4 d6 4. c4 Nb6 5. exd6 cxd6 6. Nf3 Bg4 7. Nc3 g6 8. h3 Bxf3 9. Qxf3 Nc6 10. Be3 Bg7 11. O-O-O O-O 12. g4 Qc7 13. h4 e5 14. Nd5 Nxd5 15. Qxd5 Nb4 16. Qb5 exd4 17. Bxd4 Nc6 18. Bxg7 Kxg7 19. h5 Ne5 20. Rd4 Rfe8 21. hxg6 hxg6 22. Re4 a6 23. Qd5 b5 24. b3 bxc4 25. Bxc4 Nxc4 26. Rxc4 Qd7 27. g5 Rac8 28. Qd4+ Re5 29. f4 Rxc4+ 30. bxc4 Qg4 31. Rd1 1-0

[Event "Abe Yanofsky mem. U1800"]
[Site "Winnipeg CAN"]
[Date "2012.07.28"]
[Round "2"]
[White "Le Dorze, Philippe"]
[Black "Wolchock, Theo"]
[Result "1-0"]
[WhiteElo "1598"]
[BlackElo "1735"]
[PlyCount "77"]
[GameId "2160767909441858"]
[EventDate "2012.07.27"]
[EventType "swiss"]
[EventRounds "5"]
[EventCountry "CAN"]
[SourceTitle "EXT 2022"]
[Source "ChessBase"]
[SourceDate "2021.10.06"]
[SourceVersion "1"]
[SourceVersionDate "2021.10.06"]
[SourceQuality "1"]

1. c4 c5 2. Nc3 g6 3. g3 Bg7 4. Bg2 Nc6 5. Nf3 e6 6. d3 Nge7 7. O-O O-O 8. Be3 d6 9. Qd2 a6 10. Bh6 Rb8 11. Bxg7 Kxg7 12. d4 b5 13. Rfd1 Nf5 14. d5 Na7 15. e4 Ne7 16. dxe6 Bxe6 17. Qxd6 Qxd6 18. Rxd6 Bxc4 19. b3 Be6 20. Rxa6 Nac6 21. Nd5 Bxd5 22. exd5 Nb4 23. Ra7 Nexd5 24. Ne5 Nf6 25. Rc1 Rbc8 26. a3 Nbd5 27. Bh3 Rce8 28. f4 Ne4 29. Nd7 Rh8 30. Nxc5 Ndc3 31. Rc2 Nd5 32. Be6 Ne3 33. Rxf7+ Kh6 34. Nxe4 Nxc2 35. Ng5 Rxe6 36. Nxe6 Re8 37. Nf8 Kh5 38. h3 h6 39. Nh7 1-0

[Event "Abe Yanofsky mem. U1800"]
[Site "Winnipeg CAN"]
[Date "2012.07.28"]
[Round "2"]
[White "Ma, Derek"]
[Black "Baron, Cody"]
[Result "1-0"]
[WhiteElo "1682"]
[BlackElo "1551"]
[PlyCount "79"]
[GameId "2160767909441859"]
[EventDate "2012.07.27"]
[EventType "swiss"]
[EventRounds "5"]
[EventCountry "CAN"]
[SourceTitle "EXT 2022"]
[Source "ChessBase"]
[SourceDate "2021.10.06"]
[SourceVersion "1"]
[SourceVersionDate "2021.10.06"]
[SourceQuality "1"]

1. e4 e6 2. d4 d5 3. e5 c5 4. c3 Nc6 5. Be3 Qb6 6. Qd2 cxd4 7. cxd4 Bd7 8. Nf3 Rc8 9. Be2 Be7 10. O-O f6 11. Nc3 a6 12. a3 fxe5 13. dxe5 Qc7 14. Bf4 Qd8 15. b4 h6 16. b5 Na5 17. Qc2 axb5 18. Qg6+ Kf8 19. Nxb5 Qe8 20. Qxe8+ Bxe8 21. Rac1 Rxc1 22. Rxc1 Bxb5 23. Bxb5 Bxa3 24. Rc8+ Ke7 25. Bg5+ hxg5 26. Nxg5 Nc6 27. Rc7+ Ke8 28. Rxb7 Nge7 29. Rb8+ Kd7 30. Rxh8 d4 31. Rh3 Bb2 32. Kf1 Bc1 33. Nf3 Nf5 34. g4 d3 35. gxf5 d2 36. Nxd2 Bxd2 37. Rd3+ Kc7 38. Rxd2 Nxe5 39. fxe6 Nf3 40. Rd7+ 1-0

[Event "Abe Yanofsky mem. U1800"]
[Site "Winnipeg CAN"]
[Date "2012.07.28"]
[Round "2"]
[White "Villeneuve, Justin"]
[Black "Ott, Richard"]
[Result "0-1"]
[WhiteElo "1211"]
[BlackElo "1581"]
[PlyCount "43"]
[GameId "2160767909441861"]
[EventDate "2012.07.27"]
[EventType "swiss"]
[EventRounds "5"]
[EventCountry "CAN"]
[SourceTitle "EXT 2022"]
[Source "ChessBase"]
[SourceDate "2021.10.06"]
[SourceVersion "1"]
[SourceVersionDate "2021.10.06"]
[SourceQuality "1"]

1. e4 c5 2. Nf3 Nc6 3. Nc3 g6 4. Bc4 Bg7 5. O-O d6 6. d3 Nf6 7. Be3 O-O 8. Qe2 Ng4 9. h3 Nxe3 10. Qxe3 a6 11. Qe2 e6 12. Rfe1 b5 13. Bb3 Bd7 14. a3 Qb6 15. a4 Nd4 16. Nxd4 Bxd4 17. a5 Qb7 18. Qd2 b4 19. Nd1 Bc6 20. Bc4 d5 21. exd5 exd5 22. Bb3 0-1

[Event "Abe Yanofsky mem. U1800"]
[Site "Winnipeg CAN"]
[Date "2012.07.28"]
[Round "2"]
[White "Wasserman, Arie"]
[Black "Remillard, John"]
[Result "0-1"]
[WhiteElo "1736"]
[BlackElo "1583"]
[PlyCount "50"]
[GameId "2160767909441862"]
[EventDate "2012.07.27"]
[EventType "swiss"]
[EventRounds "5"]
[EventCountry "CAN"]
[SourceTitle "EXT 2022"]
[Source "ChessBase"]
[SourceDate "2021.10.06"]
[SourceVersion "1"]
[SourceVersionDate "2021.10.06"]
[SourceQuality "1"]

1. e4 e5 2. Nf3 d6 3. h3 Be7 4. Bc4 Be6 5. Bxe6 fxe6 6. d3 Nf6 7. O-O Nc6 8. Nh2 O-O 9. Ng4 d5 10. Nxf6+ Rxf6 11. Bg5 Rg6 12. Bxe7 Qxe7 13. Qd2 Qh4 14. Kh1 dxe4 15. dxe4 Rd8 16. Qe3 Nd4 17. Na3 Rf8 18. c3 Rf3 19. cxd4 Rxe3 20. fxe3 Qxe4 21. Rf2 Rf6 22. Re2 exd4 23. Rd1 e5 24. Nb1 Rd6 25. Nd2 Qc2 0-1

[Event "Abe Yanofsky mem. U1800"]
[Site "Winnipeg CAN"]
[Date "2012.07.28"]
[Round "3"]
[White "Campbell, Jamie"]
[Black "Villeneuve, Justin"]
[Result "1-0"]
[WhiteElo "1582"]
[BlackElo "1211"]
[PlyCount "117"]
[GameId "2160767909441864"]
[EventDate "2012.07.27"]
[EventType "swiss"]
[EventRounds "5"]
[EventCountry "CAN"]
[SourceTitle "EXT 2022"]
[Source "ChessBase"]
[SourceDate "2021.10.06"]
[SourceVersion "1"]
[SourceVersionDate "2021.10.06"]
[SourceQuality "1"]

1. Nf3 Nf6 2. g3 d5 3. c4 Bg4 4. Bg2 e6 5. b3 Bb4 6. a3 Bd6 7. Bb2 O-O 8. O-O Nc6 9. d3 Qe7 10. d4 Qd7 11. c5 Be7 12. b4 b6 13. b5 Nd8 14. Ne5 Qxb5 15. Qc2 Qxe2 16. Qxe2 Bxe2 17. Re1 Bb5 18. a4 Bc4 19. Nxc4 dxc4 20. Bxa8 bxc5 21. dxc5 Bxc5 22. Ba3 Bxa3 23. Rxa3 Nd5 24. Bxd5 exd5 25. Re7 c6 26. Rc7 a5 27. Re3 h6 28. Ree7 g5 29. Kf1 d4 30. Red7 c3 31. Na3 Ne6 32. Rxc6 Rb8 33. Nb5 Kf8 34. Ke2 Ke8 35. Ra7 Rd8 36. Kd3 h5 37. Nc7+ Kf8 38. Rxe6 Kg8 39. Re8+ Rxe8 40. Nxe8 Kf8 41. Nf6 h4 42. Rc7 hxg3 43. fxg3 Kg7 44. Ne4 g4 45. Kxd4 Kg6 46. Rxc3 f5 47. Rc6+ Kf7 48. Rf6+ Ke7 49. Rxf5 Ke6 50. Rxa5 Kf7 51. Ra6 Kg7 52. Ke5 Kf7 53. a5 Kg7 54. Kf5 Kh7 55. Kg5 Kg7 56. Ra7+ Kf8 57. Nd6 Kg8 58. Kf6 Kh8 59. Kg6 1-0

[Event "Abe Yanofsky mem. U1800"]
[Site "Winnipeg CAN"]
[Date "2012.07.28"]
[Round "3"]
[White "Gannon, Keith"]
[Black "Avena, Danilo"]
[Result "1/2-1/2"]
[WhiteElo "1603"]
[BlackElo "1756"]
[PlyCount "86"]
[GameId "2160767909441865"]
[EventDate "2012.07.27"]
[EventType "swiss"]
[EventRounds "5"]
[EventCountry "CAN"]
[SourceTitle "EXT 2022"]
[Source "ChessBase"]
[SourceDate "2021.10.06"]
[SourceVersion "1"]
[SourceVersionDate "2021.10.06"]
[SourceQuality "1"]

1. e4 b6 2. d4 Bb7 3. Nc3 c5 4. d5 d6 5. Nf3 Nd7 6. Be2 Ngf6 7. O-O a6 8. a4 Rc8 9. b3 g6 10. Bb2 Bg7 11. Rb1 Nh5 12. Re1 Nf4 13. Bc4 Ne5 14. Nxe5 Bxe5 15. Ne2 O-O 16. Bxe5 dxe5 17. Nxf4 exf4 18. f3 Qc7 19. Qe2 a5 20. Ba6 Rcd8 21. Bxb7 Qxb7 22. Red1 Qc7 23. c4 Qe5 24. Rd3 h5 25. Qb2 Qxb2 26. Rxb2 f6 27. Rbd2 Rd6 28. g3 g5 29. gxf4 gxf4 30. Rg2+ Kf7 31. Rdd2 Rdd8 32. Kf1 Rg8 33. Rxg8 Kxg8 34. Re2 Kf7 35. h4 Rg8 36. Rg2 Rxg2 37. Kxg2 Ke8 38. Kf2 Kd7 39. Ke2 Kd6 40. Kd3 Ke5 41. Kc3 e6 42. Kd3 Kd6 43. Kc3 Ke5 1/2-1/2

[Event "Abe Yanofsky mem. U1800"]
[Site "Winnipeg CAN"]
[Date "2012.07.28"]
[Round "3"]
[White "Green, Jim"]
[Black "Afolabi, Damola"]
[Result "1-0"]
[WhiteElo "1769"]
[BlackElo "1516"]
[PlyCount "99"]
[GameId "2160767909441866"]
[EventDate "2012.07.27"]
[EventType "swiss"]
[EventRounds "5"]
[EventCountry "CAN"]
[SourceTitle "EXT 2022"]
[Source "ChessBase"]
[SourceDate "2021.10.06"]
[SourceVersion "1"]
[SourceVersionDate "2021.10.06"]
[SourceQuality "1"]

1. e4 e5 2. Nf3 d6 3. Bc4 Be7 4. h3 Nd7 5. Nc3 Ngf6 6. O-O c6 7. d3 b5 8. Bb3 a5 9. a3 a4 10. Ba2 Ba6 11. Be3 c5 12. Nd2 O-O 13. f4 exf4 14. Bxf4 b4 15. axb4 cxb4 16. Nxa4 Bb7 17. Bb3 d5 18. e5 Ne8 19. d4 Nc7 20. Qf3 Ra7 21. c3 Qa8 22. Qd1 Ne6 23. Be3 Ba6 24. Re1 Qc6 25. cxb4 Bh4 26. Rc1 Qb7 27. Nf3 Bxe1 28. Qxe1 Nb6 29. Nc5 Nxc5 30. dxc5 Nc4 31. c6 Qc7 32. Bxc4 Bxc4 33. Bxa7 Qxa7+ 34. Qf2 Qc7 35. Qc5 Rb8 36. Qd6 Qb6+ 37. Qc5 Qc7 38. Ra1 Bb5 39. Qxd5 Bxc6 40. Qc5 Qc8 41. Nd4 Bd7 42. Qxc8+ Rxc8 43. b5 Rb8 44. Nc6 Bxc6 45. bxc6 h6 46. c7 Rc8 47. Ra7 Kf8 48. b4 Ke7 49. b5 Kd7 50. b6 1-0

[Event "Abe Yanofsky mem. U1800"]
[Site "Winnipeg CAN"]
[Date "2012.07.28"]
[Round "3"]
[White "Le Dorze, Philippe"]
[Black "Ma, Derek"]
[Result "1-0"]
[WhiteElo "1598"]
[BlackElo "1682"]
[PlyCount "113"]
[GameId "2160767909441867"]
[EventDate "2012.07.27"]
[EventType "swiss"]
[EventRounds "5"]
[EventCountry "CAN"]
[SourceTitle "EXT 2022"]
[Source "ChessBase"]
[SourceDate "2021.10.06"]
[SourceVersion "1"]
[SourceVersionDate "2021.10.06"]
[SourceQuality "1"]

1. c4 e5 2. g3 Nc6 3. Bg2 d6 4. Nc3 Be6 5. d3 Qd7 6. b4 Nxb4 7. Rb1 Nc6 8. Rxb7 Rc8 9. Qa4 Nd8 10. Qxd7+ Bxd7 11. Rxa7 Bc6 12. Nf3 Ne6 13. O-O Nf6 14. Ng5 Bxg2 15. Kxg2 Nd4 16. Nb5 Nxb5 17. cxb5 d5 18. b6 Bc5 19. Rxc7 Rxc7 20. bxc7 Ke7 21. Bb2 Bd6 22. Rc1 Rc8 23. e3 Rxc7 24. Rxc7+ Bxc7 25. Ba3+ Ke8 26. f4 Ng4 27. Bc1 h6 28. Nf3 e4 29. dxe4 dxe4 30. Nd4 Kd7 31. h3 Nf6 32. Nf5 Ne8 33. Bb2 f6 34. g4 Bb6 35. Bd4 Bd8 36. Ng3 Nd6 37. Bc5 Nb7 38. Nxe4 Nxc5 39. Nxc5+ Kc6 40. Ne6 Bb6 41. Kf3 g5 42. e4 Kd6 43. Nf8 Ke7 44. Ng6+ Kf7 45. f5 Bc5 46. e5 Bd4 47. e6+ Ke8 48. Ke4 Bc5 49. a4 Bb6 50. Kd5 Bd8 51. Kc5 Bc7 52. Kb5 Bd8 53. a5 Bxa5 54. Kxa5 Kd8 55. Kb6 Ke8 56. Kc6 Kd8 57. Kd6 1-0

[Event "Abe Yanofsky mem. U1800"]
[Site "Winnipeg CAN"]
[Date "2012.07.28"]
[Round "3"]
[White "Letain, Cory"]
[Black "Leaden, Bruce"]
[Result "1-0"]
[WhiteElo "1600"]
[BlackElo "1544"]
[PlyCount "89"]
[GameId "2160767909441868"]
[EventDate "2012.07.27"]
[EventType "swiss"]
[EventRounds "5"]
[EventCountry "CAN"]
[SourceTitle "EXT 2022"]
[Source "ChessBase"]
[SourceDate "2021.10.06"]
[SourceVersion "1"]
[SourceVersionDate "2021.10.06"]
[SourceQuality "1"]

1. e4 c5 2. d4 cxd4 3. c3 dxc3 4. Nxc3 e5 5. Nf3 Nc6 6. Bc4 Nf6 7. O-O Bc5 8. Bg5 Be7 9. Nd5 O-O 10. Bxf6 Bxf6 11. Nxf6+ Qxf6 12. Qb3 Na5 13. Qc3 Nxc4 14. Qxc4 d6 15. Rad1 Bg4 16. Rd3 Rac8 17. Qb4 Bxf3 18. Rxf3 Qe7 19. Rd3 Rc6 20. f4 f6 21. fxe5 fxe5 22. Rxf8+ Qxf8 23. Rf3 Rc1+ 24. Kf2 Rc2+ 25. Kg3 Qc8 26. Qxd6 Rc6 27. Qd5+ Kh8 28. h3 Rg6+ 29. Kh2 Qb8 30. Qxb7 Rb6 31. Qxb8+ Rxb8 32. Rf7 h6 33. b3 a5 34. Kg3 Kg8 35. Ra7 Rb5 36. Kg4 Kh7 37. Kf5 Rc5 38. Ke6 Kg6 39. Kd6 Rc2 40. Rxa5 Rxg2 41. b4 Rg3 42. b5 Kh5 43. b6 Rg6+ 44. Kc7 Re6 45. Rd5 1-0

[Event "Abe Yanofsky mem. U1800"]
[Site "Winnipeg CAN"]
[Date "2012.07.28"]
[Round "3"]
[White "Reimer, Bruce"]
[Black "Ott, Richard"]
[Result "1-0"]
[WhiteElo "1446"]
[BlackElo "1581"]
[PlyCount "61"]
[GameId "2160767909441869"]
[EventDate "2012.07.27"]
[EventType "swiss"]
[EventRounds "5"]
[EventCountry "CAN"]
[SourceTitle "EXT 2022"]
[Source "ChessBase"]
[SourceDate "2021.10.06"]
[SourceVersion "1"]
[SourceVersionDate "2021.10.06"]
[SourceQuality "1"]

1. c4 e5 2. Nc3 Nf6 3. g3 c6 4. Bg2 Bc5 5. e3 d6 6. Nge2 Be6 7. b3 O-O 8. O-O Bb6 9. Ba3 Qd7 10. Re1 Re8 11. d4 exd4 12. exd4 Bg4 13. Qd2 Na6 14. Nf4 Ba5 15. Bb2 Rad8 16. a3 Bc7 17. b4 d5 18. cxd5 Bxf4 19. Qxf4 Nxd5 20. Nxd5 cxd5 21. Bxd5 Nc7 22. Bxf7+ Qxf7 23. Qxg4 Rxe1+ 24. Rxe1 Nd5 25. Qe6 Qxe6 26. Rxe6 Kf7 27. Re2 Rc8 28. Re5 Nb6 29. Rc5 Re8 30. Rc7+ Kf6 31. d5+ 1-0

[Event "Abe Yanofsky mem. U1800"]
[Site "Winnipeg CAN"]
[Date "2012.07.28"]
[Round "3"]
[White "Remillard, John"]
[Black "Einarsson, Ken"]
[Result "1-0"]
[WhiteElo "1583"]
[BlackElo "1746"]
[PlyCount "43"]
[GameId "2160767909441870"]
[EventDate "2012.07.27"]
[EventType "swiss"]
[EventRounds "5"]
[EventCountry "CAN"]
[SourceTitle "EXT 2022"]
[Source "ChessBase"]
[SourceDate "2021.10.06"]
[SourceVersion "1"]
[SourceVersionDate "2021.10.06"]
[SourceQuality "1"]

1. Nf3 d5 2. e3 Nf6 3. c4 e6 4. Nc3 Nc6 5. d4 Be7 6. cxd5 exd5 7. a3 O-O 8. Bd3 h6 9. O-O Bg4 10. Bd2 a6 11. Qc2 Qd7 12. Ne5 Nxe5 13. dxe5 Ne8 14. f3 d4 15. fxg4 dxc3 16. Qxc3 Qxg4 17. Rf4 Qd7 18. Raf1 Bg5 19. Bf5 Qe7 20. R4f3 f6 21. Qc4+ Kh8 22. Bb4 1-0

[Event "Abe Yanofsky mem. U1800"]
[Site "Winnipeg CAN"]
[Date "2012.07.29"]
[Round "4"]
[White "Afolabi, Damola"]
[Black "Villeneuve, Justin"]
[Result "1-0"]
[WhiteElo "1516"]
[BlackElo "1211"]
[PlyCount "23"]
[GameId "2160767909441872"]
[EventDate "2012.07.27"]
[EventType "swiss"]
[EventRounds "5"]
[EventCountry "CAN"]
[SourceTitle "EXT 2022"]
[Source "ChessBase"]
[SourceDate "2021.10.06"]
[SourceVersion "1"]
[SourceVersionDate "2021.10.06"]
[SourceQuality "1"]

1. e4 e5 2. Nf3 Nc6 3. Bc4 Nf6 4. d3 Bc5 5. c3 O-O 6. O-O d6 7. Nbd2 Bg4 8. h3 Bd7 9. Nb3 Qe7 10. Nxc5 dxc5 11. Be3 Rad8 12. Qc2 1-0

[Event "Abe Yanofsky mem. U1800"]
[Site "Winnipeg CAN"]
[Date "2012.07.29"]
[Round "4"]
[White "Avena, Danilo"]
[Black "Wasserman, Arie"]
[Result "1-0"]
[WhiteElo "1756"]
[BlackElo "1736"]
[PlyCount "99"]
[GameId "2160767909441873"]
[EventDate "2012.07.27"]
[EventType "swiss"]
[EventRounds "5"]
[EventCountry "CAN"]
[SourceTitle "EXT 2022"]
[Source "ChessBase"]
[SourceDate "2021.10.06"]
[SourceVersion "1"]
[SourceVersionDate "2021.10.06"]
[SourceQuality "1"]

1. b3 e5 2. Bb2 Nc6 3. c4 Bb4 4. Nc3 d6 5. a3 Ba5 6. b4 Bb6 7. Nd5 Bd4 8. Rb1 Bf5 9. d3 Nf6 10. e4 Bg6 11. Nf3 Bxb2 12. Rxb2 Bh5 13. Be2 Bxf3 14. Bxf3 Nd4 15. O-O Nxf3+ 16. Qxf3 Nxd5 17. cxd5 O-O 18. Rc1 f6 19. Rbc2 Rf7 20. b5 b6 21. Qd1 a6 22. a4 axb5 23. axb5 Ra5 24. Rb1 Qd7 25. Rc6 Rf8 26. Qc1 Rc8 27. h3 Raa8 28. Qc4 Kh8 29. Rc1 Rab8 30. Rxc7 Qxc7 31. Qxc7 Rxc7 32. Rxc7 h6 33. Rd7 Kg8 34. Rxd6 Kf7 35. Kf1 Ke7 36. Rc6 Kd7 37. Ke2 Rc8 38. Rxb6 Rc2+ 39. Ke3 Rb2 40. Rb7+ Kd8 41. Rxg7 Rxb5 42. Rg6 Rb6 43. Rxh6 Kd7 44. h4 Ke7 45. f4 exf4+ 46. Kxf4 Kf7 47. g4 Kg7 48. Rh5 Kg6 49. Rh8 Rb1 50. d6 1-0

[Event "Abe Yanofsky mem. U1800"]
[Site "Winnipeg CAN"]
[Date "2012.07.29"]
[Round "4"]
[White "Baron, Cody"]
[Black "Trueman, Francis"]
[Result "1/2-1/2"]
[WhiteElo "1551"]
[BlackElo "1504"]
[PlyCount "57"]
[GameId "2160767909441874"]
[EventDate "2012.07.27"]
[EventType "swiss"]
[EventRounds "5"]
[EventCountry "CAN"]
[SourceTitle "EXT 2022"]
[Source "ChessBase"]
[SourceDate "2021.10.06"]
[SourceVersion "1"]
[SourceVersionDate "2021.10.06"]
[SourceQuality "1"]

1. e4 d6 2. d4 Nf6 3. Nc3 g6 4. Bc4 Bg7 5. Nge2 O-O 6. f3 c6 7. Be3 Qc7 8. a4 a5 9. O-O e5 10. d5 Nbd7 11. dxc6 bxc6 12. Qd2 Rb8 13. Rab1 Rd8 14. Rfd1 Nf8 15. Qc1 Be6 16. Bxe6 Nxe6 17. Na2 h5 18. c3 g5 19. Bxg5 Nxg5 20. Qxg5 d5 21. exd5 cxd5 22. b4 e4 23. Nf4 e3 24. Ne2 Re8 25. Rbc1 Qc4 26. Rc2 Qb3 27. Qf5 Qxa4 28. Qd3 h4 29. bxa5 1/2-1/2

[Event "Abe Yanofsky mem. U1800"]
[Site "Winnipeg CAN"]
[Date "2012.07.29"]
[Round "4"]
[White "Enns, Edward"]
[Black "Einarsson, Ken"]
[Result "0-1"]
[WhiteElo "1136"]
[BlackElo "1746"]
[PlyCount "74"]
[GameId "2160767909441875"]
[EventDate "2012.07.27"]
[EventType "swiss"]
[EventRounds "5"]
[EventCountry "CAN"]
[SourceTitle "EXT 2022"]
[Source "ChessBase"]
[SourceDate "2021.10.06"]
[SourceVersion "1"]
[SourceVersionDate "2021.10.06"]
[SourceQuality "1"]

1. d4 d5 2. c4 e6 3. Nc3 Nf6 4. Nf3 Nc6 5. a3 Be7 6. Bf4 O-O 7. Qc2 dxc4 8. e3 Nd5 9. Bxc4 Nxf4 10. exf4 Nxd4 11. Qe4 Nxf3+ 12. Qxf3 Bd6 13. Rd1 Qf6 14. g3 Rd8 15. O-O c6 16. b4 Qe7 17. Rd2 Bd7 18. Rfd1 Be8 19. Ne4 Bc7 20. Bb3 Rxd2 21. Rxd2 Rd8 22. Qd1 Rxd2 23. Qxd2 a5 24. Nc5 axb4 25. axb4 Bd6 26. Nd3 b6 27. Qc3 c5 28. bxc5 bxc5 29. Bc4 Bc6 30. h4 Qb7 31. Ne1 Bd5 32. Be2 Qb3 33. Qa5 c4 34. Qd8+ Bf8 35. f5 Qb1 36. Qa5 Qxf5 37. Bxc4 Bxc4 0-1

[Event "Abe Yanofsky mem. U1800"]
[Site "Winnipeg CAN"]
[Date "2012.07.29"]
[Round "4"]
[White "Ma, Derek"]
[Black "Gannon, Keith"]
[Result "1-0"]
[WhiteElo "1682"]
[BlackElo "1602"]
[PlyCount "43"]
[GameId "2160767909441877"]
[EventDate "2012.07.27"]
[EventType "swiss"]
[EventRounds "5"]
[EventCountry "CAN"]
[SourceTitle "EXT 2022"]
[Source "ChessBase"]
[SourceDate "2021.10.06"]
[SourceVersion "1"]
[SourceVersionDate "2021.10.06"]
[SourceQuality "1"]

1. e4 e5 2. Nf3 d6 3. d4 exd4 4. Nxd4 Nf6 5. Nc3 Be7 6. Be2 O-O 7. O-O a6 8. f4 Bd7 9. f5 Nc6 10. Nb3 Ne5 11. Bd3 Bc6 12. Nd4 d5 13. Nxc6 bxc6 14. Bf4 Bc5+ 15. Kh1 Nxd3 16. cxd3 dxe4 17. dxe4 Qxd1 18. Raxd1 Ng4 19. Rd2 Be3 20. Bxe3 Nxe3 21. Rf3 Nc4 22. Rdf2 1-0

[Event "Abe Yanofsky mem. U1800"]
[Site "Winnipeg CAN"]
[Date "2012.07.29"]
[Round "4"]
[White "Ott, Richard"]
[Black "Czarny, Keith"]
[Result "1-0"]
[WhiteElo "1581"]
[BlackElo "1655"]
[PlyCount "58"]
[GameId "2160767909441878"]
[EventDate "2012.07.27"]
[EventType "swiss"]
[EventRounds "5"]
[EventCountry "CAN"]
[SourceTitle "EXT 2022"]
[Source "ChessBase"]
[SourceDate "2021.10.06"]
[SourceVersion "1"]
[SourceVersionDate "2021.10.06"]
[SourceQuality "1"]

1. d4 b6 2. e4 Bb7 3. Nc3 e6 4. Nf3 Bb4 5. Bd3 d6 6. Qe2 Ne7 7. O-O O-O 8. Nd1 d5 9. c3 dxe4 10. Bxe4 Ba6 11. Bxh7+ Kh8 12. Qe4 Nf5 13. Bxf5 exf5 14. Qxa8 Bd6 15. Qd5 Bxh2+ 16. Kxh2 Qxd5 17. Rh1 Re8 18. Ne3 Qe6 19. Bd2 f6 20. Rae1 Qd7 21. Kg1+ Kg8 22. Nh4 f4 23. Nc2 Rxe1+ 24. Nxe1 Bb7 25. Ng6 Nc6 26. Bxf4 Ne7 27. Rh8+ Kf7 28. Nh4 g5 29. Bxg5 fxg5 1-0

[Event "Abe Yanofsky mem. U1800"]
[Site "Winnipeg CAN"]
[Date "2012.07.29"]
[Round "4"]
[White "Reimer, Bruce"]
[Black "Green, Jim"]
[Result "1-0"]
[WhiteElo "1446"]
[BlackElo "1769"]
[PlyCount "63"]
[GameId "2160767909441879"]
[EventDate "2012.07.27"]
[EventType "swiss"]
[EventRounds "5"]
[EventCountry "CAN"]
[SourceTitle "EXT 2022"]
[Source "ChessBase"]
[SourceDate "2021.10.06"]
[SourceVersion "1"]
[SourceVersionDate "2021.10.06"]
[SourceQuality "1"]

1. c4 e5 2. Nc3 Bb4 3. Nd5 Be7 4. g3 c6 5. Nc3 Nf6 6. Bg2 Bb4 7. Qc2 Bxc3 8. Qxc3 d6 9. e3 O-O 10. Ne2 Bg4 11. f3 Be6 12. O-O Qc8 13. b3 Bh3 14. Bb2 Bxg2 15. Kxg2 Nbd7 16. d4 e4 17. d5 Ne5 18. fxe4 Nxe4 19. Qd4 Nf6 20. h3 c5 21. Qf4 Nd3 22. Qg5 h6 23. Qh4 Nxb2 24. Rxf6 gxf6 25. Rf1 f5 26. Qxh6 f6 27. Qg6+ Kh8 28. Rxf5 Qxf5 29. Qxf5 Nd1 30. Qh5+ Kg7 31. Nf4 Nxe3+ 32. Kf3 1-0

[Event "Abe Yanofsky mem. U1800"]
[Site "Winnipeg CAN"]
[Date "2012.07.29"]
[Round "4"]
[White "Remillard, John"]
[Black "Le Dorze, Philippe"]
[Result "1-0"]
[WhiteElo "1583"]
[BlackElo "1598"]
[PlyCount "27"]
[GameId "2160767909441880"]
[EventDate "2012.07.27"]
[EventType "swiss"]
[EventRounds "5"]
[EventCountry "CAN"]
[SourceTitle "EXT 2022"]
[Source "ChessBase"]
[SourceDate "2021.10.06"]
[SourceVersion "1"]
[SourceVersionDate "2021.10.06"]
[SourceQuality "1"]

1. Nf3 b6 2. g3 Bb7 3. Bg2 g5 4. O-O g4 5. Ne1 Bxg2 6. Nxg2 f5 7. f3 h5 8. fxg4 fxg4 9. d4 Nf6 10. Qd3 Rg8 11. e4 e6 12. e5 Nd5 13. Qh7 Ne7 14. Qf7# 1-0